[Event "Ruhrgebiet VK3 0304"]
[Site "Ruhrgebiet"]
[Date "2003.11.09"]
[Round "3.8"]
[White "Puetz, Heinz"]
[Black "Glenzer, Andre"]
[Result "1/2-1/2"]
[WhiteElo "1550"]
[BlackElo "1762"]
[PlyCount "78"]
[EventDate "2003.09.28"]
[EventType "team"]
[EventRounds "9"]
[EventCountry "GER"]
[SourceTitle "EXT 2007"]
[Source "ChessBase"]
[SourceDate "2006.11.23"]
[SourceVersion "1"]
[SourceVersionDate "2006.11.23"]
[SourceQuality "1"]
[WhiteTeam "Muelheim Heissen II"]
[BlackTeam "Altenessen II"]
[WhiteTeamCountry "GER"]
[BlackTeamCountry "GER"]

1. e4 e6 2. d4 d5 3. e5 c5 4. c3 Nc6 5. Nf3 Qb6 6. Be2 Bd7 7. 0-0 Be7 8. b3 f6 9. Bf4 g5 10. exf6 gxf4 11. fxe7 Ngxe7 12. Ne5 Nxe5 13. dxe5 0-0-0 14. Nd2 Rhg8 15. Qc2 Rg7 16. Bf3 Rdg8 17. c4 Nf5 18. g3 fxg3 19. hxg3 Nd4 20. Qd3 Nxf3+ 21. Nxf3 Bc6 22. Nh4 d4 23. b4 Qd8 24. Nf3 Qe8 25. b5 Bxf3 26. Qxf3 h5 27. Kh2 h4 28. Rg1 hxg3+ 29. Rxg3 Rxg3 30. fxg3 Qg6 31. Rf1 Rh8+ 32. Kg2 Qh6 33. Rg1 Qd2+ 34. Kf1 Qc1+ 35. Ke2 Rh7 36. Qf8+ Kc7 37. Qd6+ Kc8 38. Qf8+ Kc7 39. Qd6+ Kc8 1/2-1/2